<?xml version="1.0" encoding="UTF-8"?>
<collection xmlns="http://www.loc.gov/MARC21/slim">
 <record>
  <leader>00467cam a2200145 7i4500</leader>
  <controlfield tag="001">0000002698</controlfield>
  <controlfield tag="005">20020326090000.0</controlfield>
  <datafield tag="090" ind1="0" ind2="0">
   <subfield code="a">PL 5139 </subfield>
   <subfield code="b">A59 P223</subfield>
  </datafield>
  <datafield tag="100" ind1="0" ind2="0">
   <subfield code="a">Anwar Ridhwan, </subfield>
   <subfield code="d">1949- . </subfield>
  </datafield>
  <datafield tag="245" ind1="1" ind2="0">
   <subfield code="a">Parasit : </subfield>
   <subfield code="b">kumpulan cerpen 1971-74  </subfield>
   <subfield code="c">Anwar Ridhwan.</subfield>
  </datafield>
  <datafield tag="260" ind1="0" ind2="0">
   <subfield code="a">Kuala Lumpur: </subfield>
   <subfield code="b">Dewan Bahasa dan Pustaka, </subfield>
   <subfield code="c">1976.</subfield>
  </datafield>
  <datafield tag="300" ind1="#" ind2="#">
   <subfield code="a">85p.; </subfield>
   <subfield code="c">19cm.</subfield>
  </datafield>
  <datafield tag="500" ind1="0" ind2="0">
   <subfield code="a">Available at Bintulu Branch.</subfield>
  </datafield>
  <datafield tag="650" ind1="0" ind2="0">
   <subfield code="a">Short stories, Malay. </subfield>
  </datafield>
  <datafield tag="999" ind1=" " ind2=" ">
   <subfield code="a">1000391960</subfield>
   <subfield code="b">Book</subfield>
   <subfield code="c">Open Shelf</subfield>
   <subfield code="e">KOLEKSI TERBUKA</subfield>
  </datafield>
 </record>
</collection>
